LEADER 01463nam 2200421 450 001 9910715465203321 005 20210525165950.0 035 $a(CKB)5470000002511391 035 $a(OCoLC)1250320402 035 $a(EXLCZ)995470000002511391 100 $a20210511d2021 ua 0 101 0 $aeng 135 $aur||||||||||| 181 $ctxt$2rdacontent 182 $cc$2rdamedia 183 $acr$2rdacarrier 200 00$aBe prepared to have the difficult conversation 210 1$a[Rockville, Md.] :$cSAMHSA, Substance Abuse and Mental Health Services Administration,$d2021. 215 $a1 online resource (1 unnumbered page) $ccolor illustrations 300 $a"Printed 2021." 300 $a"PEP21-03-10-002." 300 $aDocument is a flyer. 320 $aIncludes bibliographical reference. 606 $aYouth$xAlcohol use$xPrevention 606 $aYouth$xDrug use$xPrevention 606 $aSubstance abuse$xPsychological aspects 606 $aParenting$xStudy and teaching 615 0$aYouth$xAlcohol use$xPrevention. 615 0$aYouth$xDrug use$xPrevention. 615 0$aSubstance abuse$xPsychological aspects. 615 0$aParenting$xStudy and teaching. 712 02$aUnited States.$bSubstance Abuse and Mental Health Services Administration, 801 0$bGPO 801 1$bGPO 906 $aBOOK 912 $a9910715465203321 996 $aBe prepared to have the difficult conversation$93303686 997 $aUNINA LEADER 01836nam 22004333 450 001 9910163342703321 005 20250707084504.0 010 $a1-62517-106-4 035 $a(CKB)3710000001046459 035 $a(BIP)045461085 035 $a(VLeBooks)9781625171061 035 $a(MiAaPQ)EBC32194387 035 $a(Au-PeEL)EBL32194387 035 $a(OCoLC)1051083586 035 $a(EXLCZ)993710000001046459 100 $a20250707d2013 uy 0 101 0 $aeng 135 $aurcnu|||||||| 181 $ctxt$2rdacontent 182 $cc$2rdamedia 183 $acr$2rdacarrier 200 10$aNight Blade 205 $a1st ed. 210 1$aCHARLESTOWN :$cShiloh Walker, Inc.,$d2013. 210 4$dİ2013. 215 $a1 online resource (250 p.) 225 1 $aColbana Files Series 330 8 $aKit Colbana is always biting off more than she can chew. She has a knack for finding trouble. This time, though, trouble finds her. Someone from her past drops a case into her lap that she just can't refuse...literally.People on the Council are dying left and right and she's been requested to investigate the deaths. The number one suspect? Her lover, Damon. If she doesn't clear his name, he gets a death sentence. Even if she succeeds? They still might try to execute him. Oh, and she's not allowed to tell him about the case, either.The stakes are high this time around, higher than they've ever been. Kit may be forced to pay the ultimate price to save her lover's life...a price that could destroy her and everything she loves. 410 0$aColbana Files Series 610 $aCriminals 610 $aFiction 700 $aDaniels$b J. C$01348186 801 0$bMiAaPQ 801 1$bMiAaPQ 801 2$bMiAaPQ 906 $aBOOK 912 $a9910163342703321 996 $aNight Blade$94403386 997 $aUNINA